|
|
|
|
| LEADER |
00000nam0a2200000 4500 |
| 001 |
354125 |
| 005 |
20231102010648.0 |
| 035 |
|
|
|a (RuTPU)RU\TPU\retro\11383
|
| 090 |
|
|
|a 354125
|
| 100 |
|
|
|a 20200616d1973 m y0rusy50 ca
|
| 101 |
0 |
|
|a rus
|a jpn
|
| 102 |
|
|
|a RU
|
| 105 |
|
|
|a y j 000zy
|
| 200 |
1 |
|
|a Учебник японского языка (для продолжающих)
|h Ч.1
|f А. Г. Рябкин, Л. А. Лобачев, Н. Г. Паюсов и др.
|g под ред. И. В. Головнина
|
| 210 |
|
|
|a Москва
|c Высшая школа
|d 1973
|
| 215 |
|
|
|a 224 с.
|
| 606 |
1 |
|
|a Японский язык
|2 stltpush
|3 (RuTPU)RU\TPU\subj\21832
|9 46762
|
| 610 |
1 |
|
|a лексика
|
| 610 |
1 |
|
|a лексикология
|
| 610 |
1 |
|
|a грамматика
|
| 610 |
1 |
|
|a письменная речь
|
| 610 |
1 |
|
|a устная речь
|
| 610 |
1 |
|
|a тексты
|
| 610 |
1 |
|
|a иероглифы
|
| 610 |
1 |
|
|a учебные пособия
|
| 686 |
|
|
|a Ш175.12
|v LBC/SL-A
|2 rubbk
|
| 701 |
|
1 |
|a Рябкин
|b А. Г.
|
| 701 |
|
1 |
|a Лобачев
|b Л. А.
|
| 701 |
|
1 |
|a Паюсов
|b Н. Г.
|
| 701 |
|
1 |
|a Стрижак
|b Л. А.
|
| 701 |
|
1 |
|a Янушевский
|b В. А.
|
| 702 |
|
1 |
|a Головнин
|b И. В.
|4 340
|
| 801 |
|
1 |
|a RU
|b 63413507
|c 20200616
|
| 801 |
|
2 |
|a RU
|b 63413507
|c 20220208
|g RCR
|
| 942 |
|
|
|c BK
|